Koľko krajov stačí Slovensku?

Diskusia o územnosprávnom členení Slovenskej republiky a rozdielne názory na počet krajov. Počet, obyvateľstvo a rozloha druhého stupňa samosprávy vo vybraných krajinách.

Guardado en:
Detalles Bibliográficos
Autor principal: Polakovič, Ivan
Formato: Capítulo de libro
Lenguaje:eslovaco
Materias:
Etiquetas: Agregar Etiqueta
Sin Etiquetas, Sea el primero en etiquetar este registro!

MARC

LEADER 00000naa a2200000 4500
001 r038249
005 20230920071038.6
041 0 |a slo 
044 |a SK 
245 1 0 |a Koľko krajov stačí Slovensku?  |c Ivan Polakovič 
520 |a Diskusia o územnosprávnom členení Slovenskej republiky a rozdielne názory na počet krajov. Počet, obyvateľstvo a rozloha druhého stupňa samosprávy vo vybraných krajinách. 
610 2 0 |a decentralizácia 
610 2 0 |a členenie územné administratívne 
610 2 0 |a samospráva 
610 2 0 |a koncepcie 
610 2 0 |a obyvateľstvo 
610 2 0 |a regióny 
610 2 0 |a Slovensko 
100 1 |a Polakovič, Ivan